| 000 | 01578pab a2200169 454500 | ||
|---|---|---|---|
| 008 | 180718b2000 xxu||||| |||| 00| 0 eng d | ||
| 100 | _aAdeola, Francis O. | ||
| 245 | _aCross-national environmental injustice and human rights issues: a review of evidence in the developing world | ||
| 260 | _c2000 | ||
| 300 | _ap.686-706 | ||
| 362 | _aJan | ||
| 520 | _aThis article focuses on the issues of environmental injustice and human rights violations across nations. Using existing documents, the patterns of the transnational toxic waste trade and natural resource exploitation and the bases of global environmental injustice are explored. The dependency/world-system perspective on toxic waste exports and imports and the environmental justice framework are used to analyze transnational toxic waste dumping schemes and resource exploitation in underdeveloped nations. With an emphasis on the Movement for the Survival of the Ogoni People, availabale evidence suggests that environmental activists, powerless indigenous subpopulations, and other minorities face the danger of environmental injustice and human rights abuse, especially under authoritarian regimes. The need for stronger international norms protecting human rights to a safe and sound environment is emphasized, and it is argued that environmental injustice needs to be included as a component of human rights protocols. Policy implications of theoretical analyses are offered. - Reproduced | ||
| 650 | _aHuman rights | ||
| 650 | _aEnvironmental law | ||
| 773 | _aAmerican Behavioral Scientist | ||
| 909 | _a44224 | ||
| 999 |
_c44224 _d44224 |
||